<?xml version="1.0" encoding="UTF-8"?>
<record
    xmlns:xsi="http://www.w3.org/2001/XMLSchema-instance"
    xsi:schemaLocation="http://www.loc.gov/MARC21/slim http://www.loc.gov/standards/marcxml/schema/MARC21slim.xsd"
    xmlns="http://www.loc.gov/MARC21/slim">

  <leader>00693nam a22001937a 4500</leader>
  <controlfield tag="003">OSt</controlfield>
  <controlfield tag="005">20260530113913.0</controlfield>
  <controlfield tag="008">260506b2006    |||||||| |||| 00| 0 JA  d</controlfield>
  <datafield tag="020" ind1=" " ind2=" ">
    <subfield code="a">494875983X</subfield>
  </datafield>
  <datafield tag="035" ind1=" " ind2=" ">
    <subfield code="a">MX001001095782</subfield>
  </datafield>
  <datafield tag="040" ind1=" " ind2=" ">
    <subfield code="a">ICI</subfield>
    <subfield code="b">SPA</subfield>
    <subfield code="c">ICI</subfield>
  </datafield>
  <datafield tag="041" ind1=" " ind2=" ">
    <subfield code="a">JA</subfield>
  </datafield>
  <datafield tag="050" ind1=" " ind2=" ">
    <subfield code="a">HF5845</subfield>
    <subfield code="b">N48</subfield>
  </datafield>
  <datafield tag="245" ind1=" " ind2=" ">
    <subfield code="a">New P.O.P. design 1</subfield>
    <subfield code="b">counter P.O.P/floor P.O.P./moving &amp; neon P.O.P./hanging P.O.P./swing &amp; others P.O.P.</subfield>
  </datafield>
  <datafield tag="300" ind1=" " ind2=" ">
    <subfield code="a"> 213 p&#xE1;ginas :</subfield>
    <subfield code="b"> ilustraciones a color ;</subfield>
    <subfield code="e">1 disco &#xF3;ptico l&#xE1;ser para computadora (4 3/4 plg.)</subfield>
  </datafield>
  <datafield tag="650" ind1=" " ind2=" ">
    <subfield code="a">Puestos de venta</subfield>
    <subfield code="v">Obras ilustradas</subfield>
    <subfield code="x">Publicidad </subfield>
    <subfield code="z">Jap&#xF3;n</subfield>
    <subfield code="9">33681</subfield>
  </datafield>
  <datafield tag="650" ind1=" " ind2=" ">
    <subfield code="a">Arte comercial </subfield>
    <subfield code="v">Obras ilustradas</subfield>
    <subfield code="z">Jap&#xF3;n</subfield>
    <subfield code="9">33682</subfield>
  </datafield>
  <datafield tag="942" ind1=" " ind2=" ">
    <subfield code="2">lcc</subfield>
    <subfield code="c">BK</subfield>
    <subfield code="n">1</subfield>
  </datafield>
  <datafield tag="999" ind1=" " ind2=" ">
    <subfield code="c">12190</subfield>
    <subfield code="d">12190</subfield>
  </datafield>
</record>
